LEADER 02235nam a2200325 i 4500 001 000000338812 003 CaOOAMICUS 005 20200114121507.0 008 200113s2019 it u000 u ita u 013 $a232580 020 $a978-88-8227-542-6 040 $aSeMil$bita 100 1 $aVeyron, Marie-Laure.$0(OLS)http://semarc/name/110733 240 13$aLe toucher dans les Évangiles.$0(OLS)http://semarc/title/427622 245 10$aTese la mano e lo toccò :$bil gesto di toccare nei vangeli /$cMarie-Laure Veyron ; prefazione di Élian Cuvillier. 264 1$aMagnano :$bQiqajon,$c2019. 300 $a214 p. ;$c21 cm. 505 0 $aConoscere Gesù, uomo della prossimità, implica affrontare la questione del corpo e del toccare come ci viene presentata nei racconti evangelici. Gesù ha guarito, incontrato gli altri toccando il loro corpo; le folle, e le donne in particolare, a loro volta hanno osato toccare Gesù: gesti tutti che rivelano l'estrema libertà di chi tocca e si lascia toccare. Con attenzione particolare al testo originale dei vangeli, il vol. offre uno studio inedito sul gesto del toccare, presentato attraverso diversi approcci, narrativo, semantico e linguistico. L'incontro con un Gesù incarnato pone ciascuno di noi di fronte alla scelta di vivere la nostra umanità facendo cadere ogni confine grazie al tocco di una mano tesa 650 4$aBibbia - NT - Vangeli - Tatto .$0(OLS)http://semarc/subject/48912 650 4$aGesù Cristo - Spiritualità.$0(OLS)http://semarc/subject/2109 650 4$aGesù Cristo - Miracoli.$0(OLS)http://semarc/subject/4630 650 4$aBibbia - Meditazioni.$0(OLS)http://semarc/subject/2560 700 1 $aCuvillier, Élian,$d<1960- >.$0(OLS)http://semarc/name/19179 830 0$aSpiritualità biblica.$0(OLS)http://semarc/title/7888 850 $aSeMil 852 $aSeMil$W1$xVenegono$y1$m2X II 395$j217947$B230013$CSeMilBibl$Z2$F230013 $81 996 $6020$a978-88-8227-542-6$9(OLS)http://semarc/number/289582 996 $6245$aTese la mano e lo toccò :$bil gesto di toccare nei vangeli$9(OLS)http://semarc/title/427621 996 $6264$aMagnano :$bQiqajon$9(OLS)http://semarc/publisher/32326 LEADER 01554nam a2200313 i 4500 001 000000125962 003 CaOOAMICUS 005 20040504000000.0 008 040504s1987 it u000 u ita u 013 $a98663 020 $a88-16-40200-8 040 $aSeMil$bita 100 1 $aMinelli, Giuseppe.$0(OLS)http://semarc/name/52322 245 10$aAll'origine della biologia moderna. La vita di un testimone e protagonista :$bMarcello Malpighi nell'Università di Bologna /$cGiuseppe Minelli. 260 $aMilano :$bJaca Book,$c1987. 300 $a125 p. ;$c23 cm. 490 0 $aDi fronte e attraverso ;$v200 490 0 $aDi fronte e attraverso. L'evoluzione dell'universo 500 $aIn mezzo al front : Celebrazioni del Nono Centenario dell'Università di Bologna. 650 4$aBiologia - Storia.$0(OLS)http://semarc/subject/17951 650 4$aMalpighi, Marcello.$0(OLS)http://semarc/subject/24528 830 0$aDi fronte e attraverso ;$v200.$0(OLS)http://semarc/title/6486 830 0$aDi fronte e attraverso. L'evoluzione dell'universo.$0(OLS)http://semarc/title/10300 850 $aSeMil 852 $aSeMil$W1$xVenegono$y1$m3X IV 56$j80358$B80358$CSeMilBibl$Z2$F82650 $81 961 $aRecupero: Seminario di Seveso 996 $6020$a88-16-40200-8$9(OLS)http://semarc/number/111980 996 $6245$aAll'origine della biologia moderna. La vita di un testimone e protagonista :$bMarcello Malpighi nell'Università di Bologna$9(OLS)http://semarc/title/407985 996 $6260$aMilano :$bJaca Book$9(OLS)http://semarc/publisher/29781